000 00501nam a2200217Ia 4500
003 OSt
005 20221005131710.0
006 a|||||r|||| 00| 0
007 ta
008 221004b |||||||| |||| 00| 0 eng d
024 _a70807
037 _cTextual
040 _aCRL
_cCRL
_beng
041 _2eng
_aeng
082 _aY1:393, J5
245 0 _aStudies in communication
260 _c1955
650 _aSOCIOLOGY
942 _hY1:393, J5
_cTEXL
_2cc
999 _c1061149
_d1061149